Sào Nam Phan Bội Châu (1867-1940): Con người và thi văn

Sparad:
Bibliografiska uppgifter
Huvudupphovsman: Nguyễn Quang Tô
Materialtyp: Bok
Språk:Undetermined
Publicerad: Sài Gòn Bộ VHGD và TN 1974
Ämnen:
Taggar: Lägg till en tagg
Inga taggar, Lägg till första taggen!
Thư viện lưu trữ: Trung tâm Học liệu Trường Đại học Cần Thơ
LEADER 00602nam a2200181Ia 4500
001 CTU_10947
008 210402s9999 xx 000 0 und d
082 |a 959.703 
082 |b T450 
100 |a Nguyễn Quang Tô 
245 0 |a Sào Nam Phan Bội Châu (1867-1940): Con người và thi văn 
245 0 |c Nguyễn Quang Tô, 1928 - 1997 
260 |a Sài Gòn 
260 |b Bộ VHGD và TN 
260 |c 1974 
650 |a literature - 19th century,names, personal 
904 |i Nguyễn Quang Điền, 961013 
980 |a Trung tâm Học liệu Trường Đại học Cần Thơ